Wettbewerbspopulismus

Titel: Wettbewerbspopulismus : Die Alternative für Deutschland (AfD) und die Rolle der Ökonomen / David Bebnowski, Lisa Julika Förster ; Otto-Brenner-Stiftung
Verfasser: ;
Körperschaft:
Ausgabe: OBS-Arbeitspapier Nr. 14
Veröffentlicht: Frankfurt am Main : Otto-Brenner-Stiftung, 2014
Umfang: Online-Ressource
Format: E-Book
Sprache: Deutsch
Schriftenreihe/
mehrbändiges Werk:
OBS-Arbeitspapier ; Nr. 14
Schlagworte:
Kein Bild verfügbar
X
alg: 40017741
001A    $06000:03-03-17 
001B    $01999:31-05-25 $t00:44:18.000 
001C    $06000:03-03-17 $t02:40:50.000 
001D    $06000:03-03-17 
001U    $0utf8 
001X    $00 
002@    $0Oax 
002C    $aText $btxt $2rdacontent 
002D    $aComputermedien $bc $2rdamedia 
002E    $aOnline-Ressource $bcr $2rdacarrier 
003@    $0400177412 
003O    $0975041382 $aOCoLC 
004U    $0urn:nbn:de:101:1-201702134278 $S0 
006G    $0112539420X 
006U    $017,O03 $f20170213 
007A    $0112539420X $aDNB 
009Q    $S0 $uhttp://nbn-resolving.de/urn:nbn:de:101:1-201702134278 $xR 
009Q    $S0 $uhttp://d-nb.info/112539420X/34 $xN 
009Q    $qapplication/pdf $S0 $uhttps://www.otto-brenner-shop.de/publikationen/obs-arbeitspapiere/shop/obs-arbeitspapier-nr-14-wettbewerbspopulismus.html $xH 
010@    $ager 
011@    $a2014 $n2014 
016A    $aDg 
021A    $aWettbewerbspopulismus $dDie Alternative für Deutschland (AfD) und die Rolle der Ökonomen $hDavid Bebnowski, Lisa Julika Förster ; Otto-Brenner-Stiftung 
028A    $BVerfasser $4aut $7 $8Bebnowski, David [Tnd] $9359636519 
028C    $BVerfasser $4aut $7 $8Förster, Lisa Julika [Tnd] $933562717X 
029F    $aOtto-Brenner-Stiftung 
032@    $aOBS-Arbeitspapier Nr. 14 
033A    $pFrankfurt am Main $nOtto-Brenner-Stiftung 
034D    $aOnline-Ressource 
036E    $aOBS-Arbeitspapier $lNr. 14 
044K    $#AfD $71046235370 $8Alternative für Deutschland [Tb1] $9335328601 
044K    $#economics $#Economics $#Wirtschaft $#Ökonomie $#Wirtschaftsleben $#Ökonomie Wirtschaft $74066399-1 $8Wirtschaft [Tsz] $9085186635 
045E    $c320 
046Y    $aOhne Altersbeschränkung 

lok: 40017741 3

exp: 40017741 3 1 #EPN
201B/01 $007-03-17 $t22:53:23.581 
201U/01 $0utf8 
203@/01 $0802238602 
204U/01 $0urn:nbn:de:101:1-201702134278 $S0 
208@/01 $a07-03-17 $bl 

lok: 40017741 5

exp: 40017741 5 1 #EPN
201B/01 $007-03-17 $t22:53:23.587 
201U/01 $0utf8 
203@/01 $0802238610 
204U/01 $0urn:nbn:de:101:1-201702134278 $S0 
208@/01 $a07-03-17 $bl 

lok: 40017741 8

exp: 40017741 8 1 #EPN
201B/01 $007-03-17 $t22:53:23.593 
201U/01 $0utf8 
203@/01 $0802238629 
204U/01 $0urn:nbn:de:101:1-201702134278 $S0 
208@/01 $a07-03-17 $bl 

lok: 40017741 10

exp: 40017741 10 1 #EPN
201B/01 $007-03-17 $t22:53:23.600 
201U/01 $0utf8 
203@/01 $0802238637 
204U/01 $0urn:nbn:de:101:1-201702134278 $S0 
208@/01 $a07-03-17 $bl 

lok: 40017741 11

exp: 40017741 11 1 #EPN
201B/01 $007-03-17 $t22:53:23.611 
201U/01 $0utf8 
203@/01 $0802238645 
204U/01 $0urn:nbn:de:101:1-201702134278 $S0 
208@/01 $a07-03-17 $bl 

lok: 40017741 20

exp: 40017741 20 1 #EPN
201B/01 $007-03-17 $t22:53:23.620 
201U/01 $0utf8 
203@/01 $0802238653 
204U/01 $0urn:nbn:de:101:1-201702134278 $S0 
208@/01 $a07-03-17 $bl 

lok: 40017741 21

exp: 40017741 21 1 #EPN
201B/01 $007-03-17 $t22:53:23.627 
201U/01 $0utf8 
203@/01 $0802238661 
204U/01 $0urn:nbn:de:101:1-201702134278 $S0 
208@/01 $a07-03-17 $bl 

lok: 40017741 23

exp: 40017741 23 1 #EPN
201B/01 $007-03-17 $t22:53:23.634 
201U/01 $0utf8 
203@/01 $080223867X 
204U/01 $0urn:nbn:de:101:1-201702134278 $S0 
208@/01 $a07-03-17 $bl 

lok: 40017741 24

exp: 40017741 24 1 #EPN
201B/01 $007-03-17 $t22:53:23.640 
201U/01 $0utf8 
203@/01 $0802238688 
204U/01 $0urn:nbn:de:101:1-201702134278 $S0 
208@/01 $a07-03-17 $bl 

lok: 40017741 25

exp: 40017741 25 1 #EPN
201B/01 $007-03-17 $t22:53:23.645 
201U/01 $0utf8 
203@/01 $0802238696 
204U/01 $0urn:nbn:de:101:1-201702134278 $S0 
208@/01 $a07-03-17 $bl 

lok: 40017741 36

exp: 40017741 36 1 #EPN
201B/01 $031-05-25 $t00:44:18.513 
201C/01 $030-05-25 
201U/01 $0utf8 
203@/01 $0130503645X 
204U/01 $0urn:nbn:de:101:1-201702134278 $S0 
208@/01 $a30-05-25 $bl 

lok: 40017741 49

exp: 40017741 49 1 #EPN
201B/01 $008-05-20 $t16:35:57.000 
201C/01 $008-05-20 
201U/01 $0utf8 
203@/01 $01105116980 
204U/01 $0urn:nbn:de:101:1-201702134278 $S0 
208@/01 $a08-05-20 $bl 

lok: 40017741 54

exp: 40017741 54 1 #EPN
201B/01 $008-05-20 $t16:35:57.000 
201C/01 $008-05-20 
201U/01 $0utf8 
203@/01 $01105116999 
204U/01 $0urn:nbn:de:101:1-201702134278 $S0 
208@/01 $a08-05-20 $bl 

lok: 40017741 108

exp: 40017741 108 1 #EPN
201B/01 $008-05-20 $t16:35:57.000 
201C/01 $008-05-20 
201U/01 $0utf8 
203@/01 $01105117006 
204U/01 $0urn:nbn:de:101:1-201702134278 $S0 
208@/01 $a08-05-20 $bl 

lok: 40017741 204

exp: 40017741 204 1 #EPN
201B/01 $007-03-17 $t22:53:23.685 
201U/01 $0utf8 
203@/01 $0802238734 
204U/01 $0urn:nbn:de:101:1-201702134278 $S0 
208@/01 $a07-03-17 $bl 

lok: 40017741 205

exp: 40017741 205 1 #EPN
201B/01 $007-03-17 $t22:53:23.692 
201U/01 $0utf8 
203@/01 $0802238742 
204U/01 $0urn:nbn:de:101:1-201702134278 $S0 
208@/01 $a07-03-17 $bl
LEADER 00000cam a22000002c 4500
001 400177412
003 DE-603
005 20250531004418.0
007 cr||||||||||||
008 170303s2014 xx |||| o| u00||u|ger
015 |a 17,O03  |2 dnb 
016 7 |2 DE-101  |a 112539420X 
024 7 |a urn:nbn:de:101:1-201702134278  |2 urn 
035 |a (DE-599)DNB112539420X 
035 |a (OCoLC)975041382 
040 |a DE-603  |b ger  |c DE-603  |d DE-603 
041 |a ger 
084 |a 320  |q DE-101  |2 sdnb 
100 1 |a Bebnowski, David  |e Verfasser  |4 aut  |0 (DE-603)359636519 
245 0 0 |a Wettbewerbspopulismus  |b Die Alternative für Deutschland (AfD) und die Rolle der Ökonomen  |c David Bebnowski, Lisa Julika Förster ; Otto-Brenner-Stiftung 
250 |a OBS-Arbeitspapier Nr. 14 
264 1 |a Frankfurt am Main  |b Otto-Brenner-Stiftung  |c 2014 
300 |a Online-Ressource 
336 |a Text  |b txt  |2 rdacontent 
337 |a Computermedien  |b c  |2 rdamedia 
338 |a Online-Ressource  |b cr  |2 rdacarrier 
490 0 |a OBS-Arbeitspapier  |v Nr. 14 
521 8 |a Ohne Altersbeschränkung 
610 1 7 |a Alternative für Deutschland  |2 gnd  |0 (DE-588)1046235370  |0 (DE-603)335328601 
650 7 |a Wirtschaft  |0 (DE-588)4066399-1  |0 (DE-603)085186635  |2 gnd 
700 1 |a Förster, Lisa Julika  |e Verfasser  |4 aut  |0 (DE-603)33562717X 
710 2 |a Otto-Brenner-Stiftung 
856 |u http://nbn-resolving.de/urn:nbn:de:101:1-201702134278  |x Resolving-System  |z kostenfrei 
856 |u http://d-nb.info/112539420X/34  |x Langzeitarchivierung Nationalbibliothek  |z kostenfrei 
856 |q application/pdf  |u https://www.otto-brenner-shop.de/publikationen/obs-arbeitspapiere/shop/obs-arbeitspapier-nr-14-wettbewerbspopulismus.html  |x Verlag  |z kostenfrei 
924 1 |9 603  |a (DE-603)802238602  |b DE-603  |c HES  |d d 
924 1 |9 603  |a (DE-603)802238610  |b DE-603  |c HES  |d d 
924 1 |9 603  |a (DE-603)802238629  |b DE-603  |c HES  |d d 
924 1 |9 603  |a (DE-603)802238637  |b DE-603  |c HES  |d d 
924 1 |9 603  |a (DE-603)802238645  |b DE-603  |c HES  |d d 
924 1 |9 603  |a (DE-603)802238653  |b DE-603  |c HES  |d d 
924 1 |9 603  |a (DE-603)802238661  |b DE-603  |c HES  |d d 
924 1 |9 603  |a (DE-603)80223867X  |b DE-603  |c HES  |d d 
924 1 |9 603  |a (DE-603)802238688  |b DE-603  |c HES  |d d 
924 1 |9 603  |a (DE-603)802238696  |b DE-603  |c HES  |d d 
924 1 |9 603  |a (DE-603)130503645X  |b DE-603  |c HES  |d d 
924 1 |9 603  |a (DE-603)1105116980  |b DE-603  |c HES  |d d 
924 1 |9 603  |a (DE-603)1105116999  |b DE-603  |c HES  |d d 
924 1 |9 603  |a (DE-603)1105117006  |b DE-603  |c HES  |d d 
924 1 |9 603  |a (DE-603)802238734  |b DE-603  |c HES  |d d 
924 1 |9 603  |a (DE-603)802238742  |b DE-603  |c HES  |d d